000 00400cam a2200169 4500
001 D13924
008 090401t1943 xxu||||| |||| 00| 0 eng d
035 _a(Sirsi) u94561
041 _aeng
100 _aSmith, H.T.W.
245 _aAerial photographs and their applications
260 _aNY
_bD Appleton-Century
_c1943
350 _a0
520 _aShelf 135
942 _n0
948 _c04/03/1997
999 _c98079
_d98079